000 00659nam a2200193 4500
001 113773
003 ES-MaACL
005 20250814221146.0
007 t|
008 061121s1954 pr r ||||1| spa d
100 1 _aPacheco Padró, Antonio.
_988137
245 1 0 _aIsaac González Martínez :
_bsu vida y su obra /
_cAntonio Pacheco Padró ; prólogo del Dr. Pablo Morales Otero.
260 _aSan Juan de Puerto Rico :
_bMontalvo,
_c1954.
300 _a292 p., [8] h. de lám. ;
_c23 cm.
600 1 4 _aGonzález Martínez, Isaac,
_d1871-1954
_9173386
700 1 _aMorales Otero, Pablo.
_983065
852 _aES-MaACL
_jC-9208
999 _c113773
_d113773